[Event "Titled Tue 20th May Early"]
[Site "chess.com INT"]
[Date "2025.05.20"]
[Round "6"]
[White "Shimanov, Aleksandr"]
[Black "Hari, Madhavan N B"]
[Result "0-1"]
[WhiteTitle "GM"]
[BlackTitle "IM"]
[WhiteElo "2578"]
[BlackElo "2386"]
[WhiteFideId "4198603"]
[BlackFideId "25054309"]
[EventDate "2025.05.20"]

1. d4 d5 2. c4 c6 3. cxd5 cxd5 4. Nc3 Nc6 5. Nf3 Nf6 6. Bf4 a6 7. Ne5 e6 8. e3
Be7 9. Bd3 Nxe5 10. Bxe5 Nd7 11. Bxg7 Rg8 12. Bh6 Rxg2 13. Qf3 Rg8 14. O-O-O Qc7
15. Kb1 b5 16. Rdg1 Rxg1+ 17. Rxg1 Qxh2 18. Rg8+ Nf8 19. Bf4 Qh4 20. e4 Bb7 21.
exd5 b4 22. Bg3 Qxd4 23. Rg4 Qc5 24. Na4 Qa5 25. Be4 f5 26. Rg7 Qxa4 27. Rxe7+
Kxe7 28. d6+ Kd7 29. Bxb7 Rb8 30. Bd5 exd5 31. Qxf5+ Kc6 32. b3 Qb5 33. d7 Qf1+
34. Kb2 Qe2+ 35. Kb1 Qe1+ 36. Kb2 Qc3+ 37. Kb1 Rd8 38. Qg5 Rxd7 39. Qh6+ Kb7 40.
Qxf8 Qc8 41. Qxb4+ Ka8 42. Qb6 d4 43. Bf4 d3 0-1

[Event "Titled Tue 20th May Early"]
[Site "chess.com INT"]
[Date "2025.05.20"]
[Round "6"]
[White "Kawka, Milena"]
[Black "Beniosev, Daniel"]
[Result "1-0"]
[WhiteTitle "WCM"]
[BlackTitle "CM"]
[WhiteElo "2004"]
[BlackElo "2010"]
[WhiteFideId "21095167"]
[BlackFideId "11632674"]
[EventDate "2025.05.20"]

1. e4 c5 2. Nf3 e6 3. d4 cxd4 4. Nxd4 Nc6 5. Nc3 Qc7 6. g3 a6 7. Bg2 Nf6 8. O-O
Be7 9. Nxc6 bxc6 10. Re1 O-O 11. e5 Nd5 12. Na4 Rb8 13. c4 Nb6 14. Nxb6 Qxb6 15.
b3 a5 16. Be3 c5 17. Qc2 Bb7 18. Red1 Bxg2 19. Kxg2 Qc6+ 20. Kg1 f5 21. Qd2 Rb7
22. Qxa5 Rb4 23. Qa3 g5 24. f4 Qf3 25. Re1 h5 26. Qb2 h4 27. Qf2 Qg4 28. Qe2
hxg3 29. Qxg4 gxh2+ 30. Kxh2 fxg4 31. Kg3 gxf4+ 32. Bxf4 Rf5 33. Rh1 Rb8 34.
Raf1 Ra8 35. Rf2 Raf8 36. Rhf1 Kf7 37. Bh6 Rg8 38. Rxf5+ exf5 39. Rxf5+ Kg6 40.
Kxg4 Kxh6+ 41. Kf3 Rf8 42. Rxf8 Bxf8 43. a4 Be7 44. a5 Bd8 45. a6 Bb6 46. Ke4
Kg5 47. Kd5 Kf5 48. Kd6 Ke4 49. Kxd7 Kxe5 50. Kc6 Ba7 51. Kb7 1-0

[Event "Titled Tue 20th May Early"]
[Site "chess.com INT"]
[Date "2025.05.20"]
[Round "6"]
[White "Kosteniuk, Alexandra"]
[Black "Vakhidov, Jakhongir"]
[Result "1-0"]
[WhiteTitle "GM"]
[BlackTitle "GM"]
[WhiteElo "2479"]
[BlackElo "2546"]
[WhiteFideId "4128125"]
[BlackFideId "14201801"]
[EventDate "2025.05.20"]

1. e4 c5 2. d4 cxd4 3. Qxd4 Nc6 4. Qd3 g6 5. Nc3 Bg7 6. Nf3 Nf6 7. Be2 O-O 8.
O-O d6 9. Nd5 Nd7 10. c3 Nc5 11. Qc2 e6 12. Nf4 a5 13. Rd1 Qe7 14. Nd4 Rd8 15.
Nb5 b6 16. Be3 Bb7 17. f3 Rac8 18. Qd2 d5 19. exd5 exd5 20. Bf1 Ne5 21. Qf2 Qf6
22. Nh3 h6 23. Bd4 Qf5 24. g4 Nxf3+ 25. Kh1 Qxg4 26. Bg2 Nxd4 27. Nxd4 Ne4 28.
Qe3 Re8 29. Rf1 Nxc3 30. Qf2 Qxd4 31. Qxf7+ Kh7 32. bxc3 Qxc3 33. Qxb7 Qc7 34.
Qxc7 Rxc7 35. Rac1 Rxc1 36. Rxc1 d4 37. Nf4 Re3 38. Nd5 Ra3 39. Rc7 h5 40. Be4
d3 41. Ne7 d2 42. Rd7 Rxa2 43. Bxg6+ Kh6 44. Bb1 Ra1 45. Nf5+ Kg5 46. Rxg7+ Kf6
47. Rg1 Ke5 48. Ne3 Ra3 49. Nc4+ 1-0

[Event "Titled Tue 20th May Early"]
[Site "chess.com INT"]
[Date "2025.05.20"]
[Round "6"]
[White "Piorun, Kacper"]
[Black "Setumadhav, Yellumahanthi"]
[Result "1-0"]
[WhiteTitle "GM"]
[BlackTitle "FM"]
[WhiteElo "2577"]
[BlackElo "2254"]
[WhiteFideId "1130420"]
[BlackFideId "25920669"]
[EventDate "2025.05.20"]

1. e4 e5 2. Nf3 Nc6 3. Bc4 Nf6 4. d3 Bc5 5. Nc3 a6 6. a3 d6 7. Be3 Bxe3 8. fxe3
O-O 9. O-O Be6 10. Bd5 Bxd5 11. exd5 Ne7 12. e4 c6 13. dxc6 bxc6 14. Kh1 Ng6 15.
Ne2 d5 16. exd5 cxd5 17. Ng3 Rb8 18. b4 a5 19. Qd2 e4 20. Nd4 Qb6 21. c3 axb4
22. axb4 Ne5 23. b5 Ra8 24. Rxa8 Rxa8 25. Qg5 Ng6 26. dxe4 dxe4 27. Nxe4 Nxe4
28. Qd5 Nf2+ 29. Kg1 Rd8 30. Qf3 Ne5 31. Qxf2 f6 32. h3 Qc5 33. Ne6 Qxf2+ 34.
Rxf2 Rd1+ 35. Rf1 Rd3 36. b6 Rxc3 37. Rb1 Rc8 38. b7 Rb8 39. Nc5 Nc6 40. Na6 Re8
41. Rc1 Nb8 42. Nxb8 1-0

[Event "Titled Tue 20th May Early"]
[Site "chess.com INT"]
[Date "2025.05.20"]
[Round "6"]
[White "Vingris, Mikelis"]
[Black "Alvarez Leon, Luis"]
[Result "0-1"]
[BlackTitle "FM"]
[WhiteElo "2102"]
[BlackElo "2178"]
[WhiteFideId "11611731"]
[BlackFideId "3600351"]
[EventDate "2025.05.20"]

1. e4 c5 2. Nf3 d6 3. d4 cxd4 4. Nxd4 Nf6 5. Nc3 a6 6. Be3 e5 7. Nb3 Be6 8. f3
h5 9. Qd2 Nbd7 10. O-O-O Rc8 11. Kb1 b5 12. h3 h4 13. Bd3 Be7 14. Rhf1 b4 15.
Nd5 Bxd5 16. exd5 a5 17. f4 a4 18. Nc1 Nxd5 19. fxe5 Nxe3 20. Qxe3 Nxe5 21. Bb5+
Kf8 22. Nd3 Qc7 23. Rf2 Nxd3 24. Bxd3 a3 25. Rdf1 Bf6 26. Qe4 Qe7 27. Qxb4 axb2
28. Bc4 Rh5 29. Bb3 Re5 30. Rxf6 gxf6 31. Qxh4 Rg5 32. Qh8+ Rg8 33. Qh6+ Rg7 34.
a4 Kg8 35. g4 Qe2 36. Rxf6 Qe1+ 37. Kxb2 Qc3+ 38. Ka2 Rc7 39. Rf1 Rb7 40. Qxd6
Rxb3 41. cxb3 Qc2+ 42. Ka3 Rg6 43. Qd8+ Kg7 44. Qd4+ Kg8 45. Rd1 Qc6 46. Qd8+
Kh7 47. Qd4 Qe6 48. h4 Qe7+ 0-1

[Event "Titled Tue 20th May Early"]
[Site "chess.com INT"]
[Date "2025.05.20"]
[Round "6"]
[White "Sahib, Singh"]
[Black "Rustemov, Alexander"]
[Result "0-1"]
[WhiteTitle "FM"]
[BlackTitle "GM"]
[WhiteElo "2416"]
[BlackElo "2525"]
[WhiteFideId "25618342"]
[BlackFideId "4119002"]
[EventDate "2025.05.20"]

1. e4 e6 2. d4 d5 3. e5 c5 4. c3 Bd7 5. Nf3 Ne7 6. dxc5 Nbc6 7. b4 Ng6 8. Be2 a5
9. Qd2 Ncxe5 10. O-O Be7 11. Nxe5 Nxe5 12. f4 Nc6 13. a3 O-O 14. Kh1 Bf6 15. Bb2
Ne7 16. c4 axb4 17. Bxf6 gxf6 18. Qxb4 Bc6 19. Nd2 Nf5 20. cxd5 Qxd5 21. Bf3 Qd4
22. Bxc6 bxc6 23. Ne4 Kg7 24. Nd6 Qxb4 25. Nxf5+ exf5 26. axb4 Rab8 27. Ra6 Rxb4
28. Rxc6 Rc4 29. g3 Rc2 30. Kg1 Re8 31. Rf2 Rc3 32. Rc7 h5 33. Rd2 h4 34. gxh4
Rc4 35. Rdd7 Rf8 36. h5 Rxf4 37. c6 Rc4 38. Kf2 Rc3 39. Kg2 Ra8 40. Rxf7+ Kh6
41. Rh7+ Kg5 42. Rcg7+ Kf4 43. Rg3 Ra2+ 44. Kh3 Rcc2 45. Kh4 Rxh2+ 46. Rh3 Rhg2
47. h6 Rg4+ 48. Kh5 Rg5+ 49. Kh4 Rag2 50. Rh1 R2g4+ 51. Kh3 Rh5# 0-1

[Event "Titled Tue 20th May Early"]
[Site "chess.com INT"]
[Date "2025.05.20"]
[Round "6"]
[White "Otdelnov, Kirill"]
[Black "Volkov, Maksim"]
[Result "0-1"]
[WhiteTitle "FM"]
[BlackTitle "FM"]
[WhiteElo "2273"]
[BlackElo "2370"]
[WhiteFideId "24280216"]
[BlackFideId "54123070"]
[EventDate "2025.05.20"]

1. Nf3 d5 2. e3 Nf6 3. b3 Bf5 4. Bb2 e6 5. Be2 h6 6. O-O Bd6 7. c4 O-O 8. Nc3 c6
9. cxd5 exd5 10. d3 Re8 11. Re1 Bh7 12. Bf1 Nbd7 13. Qd2 Qe7 14. a3 a5 15. Ne2
Nc5 16. Ned4 Nfd7 17. Qc3 Ne5 18. Rac1 Nxf3+ 19. Nxf3 Ne6 20. Ra1 Qc7 21. e4 d4
22. Qc2 c5 23. g3 b5 24. a4 Qb7 25. axb5 Qxb5 26. Nd2 Rab8 27. Ra3 Nd8 28. Nc4
Bc7 29. Bc1 Nc6 30. Bd2 Nb4 31. Bxb4 Qxb4 32. Rb1 f5 33. Bg2 fxe4 34. dxe4 Rbd8
35. Qd3 Kh8 36. f3 Bg8 37. Ra2 Rb8 38. Bf1 Rf8 39. Kg2 Rfd8 40. Be2 Be6 41. Nd2
Qb7 42. Rc2 Bd6 43. Rbc1 Bxb3 44. Rb2 a4 45. Rcb1 c4 46. Nxc4 Bb4 47. Ne5 Bc3
48. Ng6+ Kg8 49. Rxb3 axb3 50. Qc4+ Qf7 0-1

[Event "Titled Tue 20th May Early"]
[Site "chess.com INT"]
[Date "2025.05.20"]
[Round "6"]
[White "Gholami Orimi, Mahdi"]
[Black "Kvaloy, Aksel Bu"]
[Result "1-0"]
[WhiteTitle "GM"]
[BlackTitle "IM"]
[WhiteElo "2511"]
[BlackElo "2479"]
[WhiteFideId "12558486"]
[BlackFideId "1528815"]
[EventDate "2025.05.20"]

1. c4 e5 2. Nc3 Bb4 3. Nd5 a5 4. a3 Bc5 5. e3 d6 6. d4 Ba7 7. Nf3 Nd7 8. Be2 c6
9. Nc3 Ngf6 10. O-O O-O 11. b4 Bb8 12. d5 Qe7 13. dxc6 bxc6 14. b5 Bb7 15. a4
Ba7 16. Nd2 Bb6 17. Nde4 Nxe4 18. Nxe4 Bc5 19. Nxc5 Nxc5 20. Ba3 cxb5 21. Bxc5
dxc5 22. axb5 Qg5 23. g3 Rfd8 24. Qc1 Qf5 25. Ra3 Qh3 26. f3 Qe6 27. Rd1 Qb6 28.
Kf2 f6 29. h4 Kf8 30. h5 h6 31. Qc2 Rxd1 32. Bxd1 Qe6 33. g4 e4 34. f4 Qd6 35.
Be2 Ke7 36. Qc3 Qb6 37. Ra4 Kf8 38. Ke1 Ke7 39. Kd2 Rd8+ 40. Kc2 Ra8 41. Kb3 Kf8
42. Ra1 Kf7 43. Ka4 Rd8 44. Rd1 Rxd1 45. Bxd1 Qd8 46. Be2 Ke7 47. Qxa5 Qxa5+ 48.
Kxa5 Kd6 49. Kb6 Bc8 50. Ka7 Kc7 51. b6+ Kc6 52. Bd1 1-0

[Event "Titled Tue 20th May Early"]
[Site "chess.com INT"]
[Date "2025.05.20"]
[Round "6"]
[White "Badacsonyi, Stanley"]
[Black "Moiseenko, Alexander"]
[Result "1/2-1/2"]
[WhiteTitle "FM"]
[BlackTitle "GM"]
[WhiteElo "2289"]
[BlackElo "2568"]
[WhiteFideId "486973"]
[BlackFideId "14102560"]
[EventDate "2025.05.20"]

1. d4 Nf6 2. c4 e6 3. Nc3 Bb4 4. e3 b6 5. Ne2 Ne4 6. Qc2 Bb7 7. a3 Bxc3+ 8. Nxc3
Nxc3 9. Qxc3 d6 10. b3 Nd7 11. Bb2 Qh4 12. Qd2 f5 13. O-O-O g5 14. f3 g4 15. Be2
gxf3 16. gxf3 Rg8 17. Rhg1 Rxg1 18. Rxg1 Qxh2 19. Rg7 O-O-O 20. Bc3 h5 21. Rg6
h4 22. Rxe6 h3 23. Rh6 Qg1+ 24. Bd1 Bxf3 25. Rxh3 Bg4 26. Rh2 Bxd1 27. Rg2 Qh1
28. Rh2 Qf3 29. Rf2 Qg3 30. Rg2 Qf3 31. Rf2 Qh3 32. Kxd1 Nf6 33. Rh2 Qg4+ 34.
Qe2 Ne4 35. Be1 Rg8 36. Qxg4 fxg4 37. Rg2 a5 38. Ke2 c6 39. d5 cxd5 40. cxd5 Kd7
41. Kd3 Nc5+ 42. Kc4 Kc7 43. b4 axb4 44. axb4 Nd7 45. Bg3 Ne5+ 46. Bxe5 dxe5 47.
Kd3 Kd6 48. e4 g3 49. Ke3 Rg4 50. Kf3 Rf4+ 51. Ke3 Rg4 52. Kf3 Rf4+ 53. Ke3 Rg4 1/2-1/2

[Event "Titled Tue 20th May Early"]
[Site "chess.com INT"]
[Date "2025.05.20"]
[Round "6"]
[White "Kjaergaard-Jensen, Jesper"]
[Black "Zlatin, Alexander"]
[Result "1/2-1/2"]
[WhiteTitle "CM"]
[BlackTitle "FM"]
[WhiteElo "2081"]
[BlackElo "2306"]
[WhiteFideId "1406990"]
[BlackFideId "2810549"]
[EventDate "2025.05.20"]

1. d4 d6 2. Nf3 Nf6 3. c3 g6 4. Bg5 Bg7 5. Bxf6 exf6 6. Nbd2 f5 7. g3 O-O 8. Bg2
Nd7 9. O-O Nf6 10. Ne1 Rb8 11. Nd3 b5 12. Nb4 Bb7 13. Nc6 Bxc6 14. Bxc6 d5 15.
a4 a6 16. axb5 axb5 17. Qb3 Rb6 18. Ba8 c6 19. Ra7 Qb8 20. Rfa1 f4 21. Nf3 fxg3
22. hxg3 Ne4 23. Kg2 Qd6 24. Qb4 Qf6 25. Rc7 g5 26. Rf1 Rxa8 27. Ne5 Qd6 28.
Qxd6 Nxd6 29. Rxc6 Rxc6 30. Nxc6 Kf8 31. Nb4 Re8 32. e3 g4 33. Nxd5 Ne4 34. Nc7
Rb8 35. Na6 Rb6 36. Nb4 Nd2 37. Rd1 Nf3 38. d5 Rh6 39. d6 Rh2+ 40. Kf1 Rh1+ 41.
Ke2 Rxd1 42. Kxd1 Ke8 43. e4 Kd7 44. Nd5 Kxd6 45. Ne3 Ke5 46. Nxg4+ Kxe4 47. Ne3
Be5 48. Ke2 h5 49. Nc2 f5 50. Nb4 f4 51. gxf4 Bxf4 52. Nd3 h4 53. Nc5+ Kf5 54.
Kxf3 Bc1 55. Nd3 Bd2 56. Kg2 Kg4 57. Nc5 h3+ 58. Kh1 Bf4 59. Ne6 Bc1 60. Nd4 Bf4
61. Nxb5 Kf3 62. Nd4+ Kxf2 63. Nf5 Kf3 64. c4 Ke4 65. c5 Kxf5 66. b4 Ke6 67. c6
Kd6 68. b5 Kc7 69. b6+ Kxb6 70. c7 Kxc7 71. Kg1 Kd7 72. Kh1 Ke6 73. Kg1 Kf6 74.
Kh1 Kg6 75. Kg1 Kh6 76. Kh1 Kh5 77. Kg1 Kg5 78. Kh1 Kf5 79. Kg1 Ke5 80. Kh1 Ke4
81. Kg1 Kf3 82. Kh1 Kg4 83. Kg1 Kh4 84. Kh1 Kg3 85. Kg1 Bd6 86. Kh1 Bc5 1/2-1/2

[Event "Titled Tue 20th May Early"]
[Site "chess.com INT"]
[Date "2025.05.20"]
[Round "6"]
[White "So, Wesley"]
[Black "Sarana, Alexey"]
[Result "1-0"]
[WhiteTitle "GM"]
[BlackTitle "GM"]
[WhiteElo "2751"]
[BlackElo "2686"]
[WhiteFideId "5202213"]
[BlackFideId "24133795"]
[EventDate "2025.05.20"]

1. d4 Nf6 2. c4 e6 3. Nc3 Bb4 4. e3 O-O 5. Bd3 d5 6. cxd5 exd5 7. a3 Bd6 8. Qc2
b6 9. b4 c5 10. bxc5 bxc5 11. dxc5 Bxc5 12. Nge2 Nbd7 13. O-O Ne5 14. Bb2 Nxd3
15. Qxd3 Rb8 16. Rab1 Qd6 17. Qd2 Ba6 18. Rfd1 Bxa3 19. Bxa3 Qxa3 20. Ra1 Qd6
21. Nf4 Rfd8 22. Qd4 Qb6 23. Qxb6 Rxb6 24. Ncxd5 Nxd5 25. Nxd5 Rbd6 26. Ne7+ Kf8
27. Rxd6 Rxd6 28. Nf5 Rb6 29. g4 Rg6 30. h3 Bc8 31. Nd4 a6 32. Rc1 Bd7 33. Rc7
Ke8 34. Ra7 Rb6 35. Kg2 g5 36. Kg3 h6 37. h4 Kd8 38. Nf5 Bxf5 39. gxf5 Ke8 40.
hxg5 hxg5 41. Kg4 f6 42. Kh5 Kd8 43. Kg6 g4 44. Kh5 Rb2 45. Rxa6 Ke7 46. Ra7+
Kd6 47. Kg6 Rxf2 48. Kxf6 g3 49. Rg7 g2 50. e4 Kc6 51. e5 Kd5 52. Rg4 Rf1 53.
Rxg2 1-0

[Event "Titled Tue 20th May Early"]
[Site "chess.com INT"]
[Date "2025.05.20"]
[Round "6"]
[White "Toktomushev, Teimur"]
[Black "Bayaca, Sterling"]
[Result "1-0"]
[WhiteTitle "FM"]
[BlackTitle "FM"]
[WhiteElo "2398"]
[BlackElo "2231"]
[WhiteFideId "14176726"]
[BlackFideId "3227790"]
[EventDate "2025.05.20"]

1. d4 d5 2. c4 e6 3. Nc3 Nf6 4. cxd5 exd5 5. Bg5 c6 6. e3 Be7 7. Bd3 h6 8. Bh4
Nbd7 9. Nf3 O-O 10. Qc2 Re8 11. O-O Ne4 12. Bxe4 dxe4 13. Qxe4 Nf6 14. Qc2 Be6
15. h3 Qd7 16. Ne5 Qc8 17. Rfe1 c5 18. Rad1 cxd4 19. exd4 Bxa2 20. b3 Nd5 21.
Bxe7 Nxc3 22. Rd3 Nd5 23. Qxa2 Rxe7 24. Qd2 Qf5 25. Rf3 Qe6 26. Rg3 Rae8 27. Kh2
Qd6 28. Nc4 Qc7 29. Rxe7 Rxe7 30. Ne5 Kh7 31. Qd3+ Kh8 32. Qf5 Nb6 33. h4 Nd5
34. h5 Qd6 35. f4 Qe6 36. Qxe6 fxe6 37. Ng6+ Kh7 38. Nxe7 Nxe7 39. Re3 Nf5 40.
Rxe6 Nxd4 41. Re7 Nxb3 42. Rxb7 Nc5 43. Rxa7 Ne6 44. g3 Nd4 45. Kh3 Ne2 46. Kg4
Nd4 47. Rd7 Ne6 48. Kf5 Nc5 49. Rc7 Nd3 50. Ke4 Nf2+ 51. Kf3 Nh3 52. Kg2 1-0

[Event "Titled Tue 20th May Early"]
[Site "chess.com INT"]
[Date "2025.05.20"]
[Round "6"]
[White "Ezat, Mohamed"]
[Black "Barwinska, Ewa"]
[Result "1-0"]
[WhiteTitle "IM"]
[BlackTitle "WFM"]
[WhiteElo "2296"]
[BlackElo "2014"]
[WhiteFideId "10600906"]
[BlackFideId "21833761"]
[EventDate "2025.05.20"]

1. d4 d5 2. Nf3 Nf6 3. g3 e6 4. Bg2 c5 5. O-O Nc6 6. c4 dxc4 7. Ne5 Nxd4 8. e3
Nf5 9. Qxd8+ Kxd8 10. Nxf7+ Ke8 11. Nxh8 Be7 12. Na3 Kf8 13. Nxc4 Kg8 14. b3
Kxh8 15. Bb2 h6 16. Rfd1 a5 17. Nb6 Rb8 18. Nxc8 Rxc8 19. Bxb7 Rb8 20. Bg2 c4
21. Be5 Rb5 22. Rab1 Rxe5 23. bxc4 Rc5 24. Rb6 Rxc4 25. Rxe6 Bb4 26. Bh3 Rc5 27.
e4 Ne7 28. Rxe7 Rh5 29. e5 Bxe7 30. exf6 Bxf6 31. Be6 Re5 32. Bc4 Rc5 33. Bb3
Re5 34. Kf1 Re4 35. Rd5 a4 36. Bc2 Rc4 37. Bg6 a3 38. Ra5 Rc1+ 39. Kg2 Rc8 40.
Rxa3 Be7 41. Ra7 Bf6 42. a3 Bd4 43. Rb7 Rf8 44. f4 Ra8 45. a4 Kg8 46. a5 Kf8 47.
Rf7+ Kg8 48. Rd7 Bc3 49. a6 Bb4 50. Rc7 Rxa6 51. Rc8+ Bf8 52. Bd3 Rd6 53. Bc4+
Kh7 54. Rxf8 Rd2+ 55. Kh3 Rc2 56. Bd3+ 1-0

[Event "Titled Tue 20th May Early"]
[Site "chess.com INT"]
[Date "2025.05.20"]
[Round "6"]
[White "Poormosavi, Seyed Kian"]
[Black "Nguyen Thien Ngan"]
[Result "1-0"]
[WhiteTitle "IM"]
[BlackTitle "WIM"]
[WhiteElo "2379"]
[BlackElo "1998"]
[WhiteFideId "12585807"]
[BlackFideId "12414816"]
[EventDate "2025.05.20"]

1. d4 d5 2. c4 e6 3. Nc3 Nf6 4. cxd5 Nxd5 5. e4 Nxc3 6. bxc3 c5 7. Nf3 cxd4 8.
cxd4 Bb4+ 9. Bd2 Bxd2+ 10. Qxd2 O-O 11. Bc4 Nd7 12. O-O b6 13. Rad1 Bb7 14. Rfe1
Nf6 15. Qf4 Rc8 16. Bb3 Qc7 17. Qh4 h6 18. h3 Rfd8 19. Ne5 b5 20. Re3 a5 21. Rg3
Nxe4 22. Rg4 Nd6 23. Qxh6 Nf5 24. Qh5 a4 25. Bc2 Rxd4 26. Rdxd4 Qxe5 27. Rh4
Qe1+ 28. Kh2 Nxh4 29. Qh7+ Kf8 30. Qh8+ Ke7 31. Qxh4+ f6 32. Be4 Bxe4 33. Rxe4
Qc1 34. Qg4 Qc7+ 35. g3 Kf8 36. Rxe6 Qd7 37. Rxf6+ Ke8 38. Qg6+ Kd8 39. Rd6 Rc7
40. Rxd7+ Rxd7 41. Qb6+ Ke7 42. Qxb5 Rd6 43. Qxa4 Rf6 44. Qh4 Kf7 45. Qxf6+ Kxf6
46. f4 1-0

[Event "Titled Tue 20th May Early"]
[Site "chess.com INT"]
[Date "2025.05.20"]
[Round "6"]
[White "Mishra, Abhimanyu"]
[Black "Onyshchuk, Volodymyr"]
[Result "0-1"]
[WhiteTitle "GM"]
[BlackTitle "GM"]
[WhiteElo "2605"]
[BlackElo "2602"]
[WhiteFideId "30920019"]
[BlackFideId "14114038"]
[EventDate "2025.05.20"]

1. e4 d6 2. d4 g6 3. Nc3 Bg7 4. Be3 a6 5. Qd2 b5 6. O-O-O Bb7 7. f3 Nd7 8. h4 h6
9. Nh3 e6 10. d5 e5 11. h5 g5 12. Kb1 Ne7 13. g4 O-O 14. Nxg5 hxg5 15. Bxg5 Kh7
16. Ne2 Rg8 17. Ng3 f6 18. Be3 Qf8 19. h6 Bh8 20. Bh3 Rd8 21. Rhg1 Nb6 22. b3
Bc8 23. Nf5 Nxf5 24. gxf5 Qf7 25. Bg4 Bd7 26. Rh1 Qe7 27. Bh5 Be8 28. Bxe8 Rdxe8
29. Rdg1 Qf7 30. Rg4 Rxg4 31. fxg4 Rg8 32. Rg1 Nd7 33. Qa5 Nc5 34. Bxc5 dxc5 35.
Qxa6 b4 36. Qc6 Qe7 37. Qe6 Qxe6 38. dxe6 Kxh6 39. Rd1 Re8 40. Rd7 Bg7 41. Rf7
c6 42. Kb2 Rf8 43. Rc7 Re8 44. Rxc6 Bf8 45. Rc7 Be7 46. a4 bxa3+ 47. Kxa3 Kg5
48. c3 Kxg4 49. b4 cxb4+ 50. cxb4 Kf4 51. Rc4 Rd8 52. Rc7 Re8 53. Rc4 Ke3 54.
Kb3 Kd3 55. Rc7 Kxe4 56. b5 Kxf5 57. b6 Kxe6 58. b7 Bd6 59. Rc8 Kd7 60. b8=Q
Bxb8 0-1

[Event "Titled Tue 20th May Early"]
[Site "chess.com INT"]
[Date "2025.05.20"]
[Round "6"]
[White "Hernandez Izquierdo, Jose A."]
[Black "Trifan, Andrei Ioan"]
[Result "1-0"]
[WhiteTitle "IM"]
[BlackTitle "FM"]
[WhiteElo "2223"]
[BlackElo "2321"]
[WhiteFideId "3527263"]
[BlackFideId "12967068"]
[EventDate "2025.05.20"]

1. e4 c6 2. d4 d5 3. exd5 cxd5 4. Nf3 Nc6 5. c4 Nf6 6. Nc3 e6 7. c5 Be7 8. Bb5
Bd7 9. O-O O-O 10. Re1 Rc8 11. Bxc6 Bxc6 12. b4 Be8 13. Ne5 Nd7 14. Bf4 Bf6 15.
Nxd7 Bxd7 16. Bd6 Re8 17. a4 a6 18. Qd3 g6 19. b5 Qa5 20. Rab1 Kg7 21. h3 h5 22.
c6 bxc6 23. b6 Be7 24. Be5+ f6 25. b7 fxe5 26. bxc8=Q Rxc8 27. dxe5 Bb4 28. Rec1
c5 29. Ne4 Bxa4 30. Nd6 Bb5 31. Qe3 Rf8 32. Qg5 Qd8 33. Qxd8 Rxd8 34. Nb7 Rc8
35. Rxb4 cxb4 36. Rxc8 b3 37. Rc1 Bd3 38. Nc5 Bc2 39. Na4 g5 40. Kf1 Kg6 41. Ke2
Kf5 42. Kd2 Kxe5 43. Re1+ Kf5 44. Nc5 e5 45. Nxa6 d4 46. Nb4 Be4 47. g4+ hxg4
48. hxg4+ Kf4 49. Nd3+ Bxd3 50. Kxd3 Kxg4 51. Rxe5 Kf4 52. Re4+ Kf3 53. Rxd4 b2
54. Kc2 Kxf2 55. Rg4 1-0

[Event "Titled Tue 20th May Early"]
[Site "chess.com INT"]
[Date "2025.05.20"]
[Round "6"]
[White "Viana, Dirceu"]
[Black "Sobek, Jaroslav"]
[Result "1-0"]
[WhiteTitle "FM"]
[BlackTitle "FM"]
[WhiteElo "2188"]
[BlackElo "2195"]
[WhiteFideId "2101360"]
[BlackFideId "301388"]
[EventDate "2025.05.20"]

1. Nf3 c5 2. b3 b6 3. g3 Bb7 4. Bg2 g6 5. Bb2 Nf6 6. c4 Bg7 7. O-O O-O 8. d4
cxd4 9. Qxd4 Nc6 10. Qc3 Qc7 11. Rd1 Rad8 12. Qe1 d6 13. Nc3 a6 14. Rac1 Qb8 15.
Nd5 Nxd5 16. Bxg7 Kxg7 17. cxd5 Ne5 18. Nd4 Rc8 19. h3 Rxc1 20. Rxc1 Rc8 21. f4
Nd7 22. Nc6 Bxc6 23. dxc6 Nf8 24. Qc3+ Kg8 25. b4 Rc7 26. a4 b5 27. axb5 Qxb5
28. Qc4 Ne6 29. Qxb5 axb5 30. e3 Nd8 31. Ra1 Kg7 32. Ra6 f5 33. Rb6 e6 34. Kf2
d5 35. Rxb5 Rxc6 36. Rc5 Rxc5 37. bxc5 Kf7 38. Bf1 Ke7 39. Bb5 Nb7 40. c6 Nd6
41. c7 h6 42. Ke2 Nc8 43. h4 Kd6 44. Be8 Kxc7 45. Bxg6 Kd6 46. Kf3 Ke7 47. g4
Nd6 48. g5 hxg5 49. fxg5 Kf8 50. Kf4 1-0

[Event "Titled Tue 20th May Early"]
[Site "chess.com INT"]
[Date "2025.05.20"]
[Round "6"]
[White "Kononenko, Dmitry2"]
[Black "Matyakubov, Miraziz"]
[Result "1-0"]
[WhiteTitle "FM"]
[BlackTitle "CM"]
[WhiteElo "2205"]
[BlackElo "2272"]
[WhiteFideId "14113538"]
[BlackFideId "14215772"]
[EventDate "2025.05.20"]

1. d4 Nf6 2. c4 e6 3. g3 d5 4. Nf3 Bb4+ 5. Bd2 a5 6. Bg2 O-O 7. Qc2 c6 8. O-O
Be7 9. Rd1 Nbd7 10. Bf4 Nh5 11. Bc1 Nhf6 12. b3 b6 13. Bb2 Ne4 14. Nc3 f5 15.
Ne5 Nxe5 16. dxe5 Qe8 17. Nxe4 fxe4 18. f4 Bc5+ 19. Bd4 Qe7 20. e3 Bd7 21. Rac1
Rac8 22. Qb1 Be8 23. cxd5 cxd5 24. Rc2 Bb5 25. Bf1 Bxd4 26. Rxd4 Bxf1 27. Kxf1
Qb7 28. Rdd2 Qa6+ 29. Kf2 Rxc2 30. Rxc2 Qd3 31. Qc1 d4 32. Re2 g5 33. Qc4 gxf4
34. exf4 Qf3+ 35. Ke1 e3 36. Kd1 Qf1+ 37. Kc2 b5 38. Qxe6+ Kh8 39. Qg4 Rc8+ 40.
Kd3 Qb1+ 41. Kxd4 Rd8+ 42. Kxe3 Qc1+ 43. Kf2 Qc5+ 44. Kg2 Qd5+ 45. Qf3 Qd1 46.
e6 Rd3 47. e7 Rxf3 48. e8=Q+ Kg7 49. Kxf3 Qh1+ 50. Kg4 Qd5 51. Qe7+ Kh6 52. Qe6+
Qxe6+ 53. Rxe6+ Kg7 54. Re5 1-0

[Event "Titled Tue 20th May Early"]
[Site "chess.com INT"]
[Date "2025.05.20"]
[Round "6"]
[White "Kozak, Antoni"]
[Black "Galchenko, Matvey"]
[Result "1-0"]
[BlackTitle "IM"]
[WhiteElo "2426"]
[BlackElo "2442"]
[WhiteFideId "21832030"]
[BlackFideId "24175480"]
[EventDate "2025.05.20"]

1. c4 c5 2. g3 g6 3. Bg2 Bg7 4. e3 Nc6 5. Ne2 Nf6 6. O-O O-O 7. Nbc3 b6 8. a3
Bb7 9. Rb1 e6 10. b4 cxb4 11. axb4 d5 12. c5 bxc5 13. bxc5 Ba6 14. Qa4 Qc8 15.
d4 Nd7 16. Bd2 Bd3 17. Ra1 a5 18. Rfc1 Rb8 19. Nf4 Bc4 20. Nd1 Bb3 21. Qa3 a4
22. Nb2 Ra8 23. Nbd3 Qc7 24. Nb4 Rfb8 25. Nxc6 Qxc6 26. Nd3 Nf6 27. Bb4 Ne4 28.
Qb2 Qb5 29. c6 Bc4 30. c7 Rc8 31. Ne5 Rxc7 32. Rab1 Bxe5 33. dxe5 Rb7 34. Qd4
Bb3 35. Ba3 Qb6 36. Qd3 h6 37. Qe2 Ng5 38. h4 Nh7 39. Qg4 h5 40. Qf4 Rd8 41. Rc3
Rbd7 42. Rbc1 d4 43. exd4 Qxd4 44. Be4 Qa7 45. Bd6 a3 46. Rc7 Qa4 47. Rxd7 Qxd7
48. Rc7 Qe8 49. Bxa3 Bd5 50. Bxd5 Rxd5 51. Bd6 1-0